<?xml version="1.0" encoding="UTF-8"?>
<marc:record xmlns:marc="http://www.loc.gov/MARC21/slim">
   <marc:leader>00000nam a2200000 a 4500</marc:leader>
   <marc:datafield ind1="1" ind2=" " tag="100">
      <marc:subfield code="a">Orso, Kathrin Lena</marc:subfield>
      <marc:subfield code="4">aut</marc:subfield>
      <marc:subfield code="e">Verfasser/-in</marc:subfield>
   </marc:datafield>
   <marc:datafield ind1=" " ind2=" " tag="653">
      <marc:subfield code="a">Kinderbücher bis 11 Jahre</marc:subfield>
   </marc:datafield>
   <marc:datafield ind1=" " ind2=" " tag="653">
      <marc:subfield code="a">Pferde</marc:subfield>
   </marc:datafield>
   <marc:datafield ind1=" " ind2=" " tag="653">
      <marc:subfield code="a">Ponyhof</marc:subfield>
   </marc:datafield>
   <marc:datafield ind1=" " ind2=" " tag="653">
      <marc:subfield code="a">Vorschule</marc:subfield>
   </marc:datafield>
   <marc:datafield ind1=" " ind2=" " tag="653">
      <marc:subfield code="a">Grundschule</marc:subfield>
   </marc:datafield>
   <marc:datafield ind1=" " ind2=" " tag="653">
      <marc:subfield code="a">Meerjungfrau</marc:subfield>
   </marc:datafield>
   <marc:datafield ind1=" " ind2=" " tag="653">
      <marc:subfield code="a">Viele Bilder</marc:subfield>
   </marc:datafield>
   <marc:datafield ind1=" " ind2=" " tag="653">
      <marc:subfield code="a">Leseanfänger</marc:subfield>
   </marc:datafield>
   <marc:datafield ind1=" " ind2=" " tag="653">
      <marc:subfield code="a">Selbstvertrauen</marc:subfield>
   </marc:datafield>
   <marc:datafield ind1=" " ind2=" " tag="653">
      <marc:subfield code="a">Starke Mädchen</marc:subfield>
   </marc:datafield>
   <marc:datafield ind1=" " ind2=" " tag="653">
      <marc:subfield code="a">süßes Kinderbuch</marc:subfield>
   </marc:datafield>
   <marc:datafield ind1=" " ind2=" " tag="653">
      <marc:subfield code="a">Geschenk für Kindergeburtstag</marc:subfield>
   </marc:datafield>
   <marc:datafield ind1=" " ind2=" " tag="653">
      <marc:subfield code="a">ab 6</marc:subfield>
   </marc:datafield>
   <marc:datafield ind1=" " ind2=" " tag="653">
      <marc:subfield code="a">Kinderbuch</marc:subfield>
   </marc:datafield>
   <marc:datafield ind1="0" ind2="0" tag="245">
      <marc:subfield code="a">Rettung im Korallenriff</marc:subfield>
   </marc:datafield>
   <marc:datafield ind1="0" ind2="0" tag="245">
      <marc:subfield code="c">Orso, Kathrin Lena</marc:subfield>
   </marc:datafield>
   <marc:datafield ind1=" " ind2="1" tag="264">
      <marc:subfield code="a">Hamburg</marc:subfield>
      <marc:subfield code="b">Verlag Friedrich Oetinger GmbH</marc:subfield>
      <marc:subfield code="c">2026</marc:subfield>
   </marc:datafield>
   <marc:datafield ind1="1" ind2=" " tag="490">
      <marc:subfield code="a">Mein Seepferdchenhof</marc:subfield>
      <marc:subfield code="v">2</marc:subfield>
   </marc:datafield>
   <marc:datafield ind1="1" ind2=" " tag="520">
      <marc:subfield code="a">Eine magische Begegnung &#xD;
  &#xD;
Bei einem ihrer Ausritte entdecken Elli, Maris und Mona eine zauberhafte Herde wilder Seepferdchen. Sie sind wunderschön und schimmern in allen Farben des Regenbogens. Doch jemand ist den wilden Tieren auf den Fersen. Wer steckt hinter den Fallen im Seetang-Wald? Und werden die Freunde verhindern können, dass die Regenbogen-Seepferdchen in Gefangenschaft geraten? &#xD;
  &#xD;
Mein Seepferdchenhof 2. Rettung im Korallenriff: Eine spannende Freundschaftsgeschichte unter Wasser &#xD;
   &#xD;
    &#xD;
    &#xD;
     Seepferdchen in Not: Eine abenteuerliche Geschichte über Freundschaft und Meermädchen für Kinder ab 6 Jahren.&#xD;
     &#xD;
    &#xD;
    &#xD;
     Einzigartig: Die Pferde-Geschichte kombiniert die Lieblingsthemen Meerjungfrauen, Reiten und süße Tiere.&#xD;
     &#xD;
    &#xD;
    &#xD;
     Gefahr im Unterwasserreich: Auf der Suche nach dem geheimnisvollen Fallensteller erleben Elli und ihre Freunde ein packendes Abenteuer.&#xD;
     &#xD;
    &#xD;
    &#xD;
     Zum Vor- und Selberlesen: Die zauberhaften Figuren und süßen Illustrationen begeistern Leseanfänger*innen, die Bücher wie „Arielle“ oder „Ostwind“ mögen.&#xD;
     &#xD;
    &#xD;
    &#xD;
     Wunderbares Geschenk für 6-jährige: Ideal zum Geburtstag oder als Überraschung zwischendurch für Mädchen, die sich für Reiten, Meermädchen und Ponys begeistern.&#xD;
    &#xD;
   &#xD;
  &#xD;
Die Kinderbuchreihe „Mein Seepferdchenhof“ vereint Lieblingsthemen von Mädchen ab 6 Jahren: Reiten, Meerjungfrauen und niedliche Tiere. Die warmherzigen Pferde-Kinderbücher mit ihren kunterbunten Bildern und liebenswerten Charakteren eignen sich perfekt zum Vorlesen oder ersten Selberlesen für Kinder ab 6 Jahren.</marc:subfield>
   </marc:datafield>
   <marc:datafield ind1=" " ind2=" " tag="020">
      <marc:subfield code="a">9783751207232</marc:subfield>
      <marc:subfield code="9">9783751207232</marc:subfield>
   </marc:datafield>
   <marc:datafield ind1=" " ind2=" " tag="020">
      <marc:subfield code="a">3751207236</marc:subfield>
      <marc:subfield code="9">3751207236</marc:subfield>
   </marc:datafield>
   <marc:datafield ind1=" " ind2=" " tag="041">
      <marc:subfield code="a">ger</marc:subfield>
   </marc:datafield>
   <marc:datafield ind1=" " ind2=" " tag="300">
      <marc:subfield code="b">60 farbige Abbildungen</marc:subfield>
   </marc:datafield>
   <marc:datafield ind1="0" ind2=" " tag="490">
      <marc:subfield code="v">2</marc:subfield>
   </marc:datafield>
   <marc:datafield ind1="1" ind2=" " tag="521">
      <marc:subfield code="a">Kind</marc:subfield>
   </marc:datafield>
   <marc:datafield ind1=" " ind2=" " tag="338">
      <marc:subfield code="a">Band</marc:subfield>
   </marc:datafield>
   <marc:datafield ind1=" " ind2=" " tag="300">
      <marc:subfield code="a">128 Seiten</marc:subfield>
   </marc:datafield>
</marc:record>
